000 00778nam a2200205 i 4500
001 40540
003 ES-MaACL
005 20230906160241.0
007 t|
008 030306s1889 sp ||||1| spa d
100 0 _aCandau, Feliciano.
_934444
245 1 0 _aMemoria acerca de la arquitectura griega y sus precedentes en la egipcia y asiria /
_cFeliciano Candau.
260 _aSevilla :
_b[s.n.],
_c1889 (
_fEstablecimiento Tipográfico)
300 _a107 p. ;
_c20 cm.
500 _aEn port.: Ateneo y Sociedad de Excursioes, Sección de Arqueología y Bellas Artes, curso de 1889 a 1890.
610 2 4 _aAteneo de Sevilla-
_vMemorias.
_92030
650 0 4 _aArquitectura griega.
_910029
710 2 _aAteneo de Sevilla.
_92028
852 _aES-MaACL
_jG-10461
_z.- Legado Calderón
999 _c40540
_d40540